| 000 | 00530nam a2200193Ia 4500 | ||
|---|---|---|---|
| 005 | 20250701121601.0 | ||
| 008 | 008 250516s9999 xx 000 0 eng d | ||
| 020 | _a9789356404168 | ||
| 040 |
_beng _cSDCL |
||
| 041 |
_aeng _2eng |
||
| 084 | _aR39(Y) R5 | ||
| 100 |
_aBanerji, Debashish Ed. _9814947 |
||
| 245 | 0 |
_aPosthumanism and India : _bA critical cartography |
|
| 260 |
_aNew Delhi: _bBloomsbury, _c2025. |
||
| 300 | _a280p. | ||
| 650 | _aPhilosophy | ||
| 700 |
_aIslam, Md. Monirul _9753110 |
||
| 942 |
_cTEXL _2CC |
||
| 999 |
_c1430042 _d1430042 |
||